| 000 | 00375pab a2200145 454500 | ||
|---|---|---|---|
| 008 | 180718b2001 xxu||||| |||| 00| 0 eng d | ||
| 100 | _aJoshi, Murli Manohar | ||
| 245 | _aStrengthening management research and teaching-some reflections | ||
| 260 | _c2001 | ||
| 300 | _ap.1-4 | ||
| 362 | _aOct-Dec | ||
| 650 | _aManagement education | ||
| 773 | _aAbhigyan | ||
| 909 | _a51467 | ||
| 999 |
_c51467 _d51467 |
||